Regions of Estonia - Map Quiz - Statistics

General Stats
  • This quiz has been taken 171 times
  • The average score is 13 of 15
Answers on the Map
Answers color-coded by a green-red scale on the quiz's map according to % correct below.
 
Answer Stats
Answer % Correct
Saare
96%
Hiiu
95%
Harju
94%
Ida-Viru
91%
Pärnu
91%
Lääne
90%
Lääne-Viru
90%
Tartu
90%
Järva
88%
Jõgeva
88%
Võru
87%
Viljandi
86%
Rapla
85%
Põlva
84%
Valga
84%
No matching quizzes found
Score Distribution
Percent of People with Each Score
Percentile by Number Answered
Your Score History
You have not taken this quiz